[Event "Budapest Art Pub Cup 4th"]
[Site "Budapest"]
[Date "2014.04.17"]
[Round "1"]
[White "Ongut, Selcuk"]
[Black "Mitlasovszki, Imre"]
[Result "0-1"]
[WhiteElo "1559"]
[BlackElo "2016"]
[PlyCount "90"]
[EventDate "2014.04.16"]
[EventType "swiss"]
[EventRounds "7"]
[EventCountry "HUN"]
[SourceTitle "EXT 2015"]
[Source "ChessBase"]
[SourceDate "2014.11.20"]
[SourceVersion "1"]
[SourceVersionDate "2014.11.20"]
[SourceQuality "1"]

1. d4 d5 2. c4 e6 3. Nc3 Nf6 4. Nf3 c6 5. Bg5 Nbd7 6. cxd5 exd5 7. e3 Be7 8. Bd3 0-0 9. Qc2 Re8 10. h4 Nf8 11. Ne5 c5 12. 0-0 Ng4 13. Nxg4 Bxg5 14. hxg5 Bxg4 15. dxc5 Qxg5 16. Be2 Bf5 17. Qb3 Be4 18. Nxe4 dxe4 19. Qxb7 Ng6 20. Bc4 Nh4 21. Qxf7+ Kh8 22. g3 Nf3+ 23. Kg2 Rf8 24. Qd5 Qg4 25. Rh1 Ng5 26. Qd1 Qf5 27. Qe2 Rad8 28. Raf1 Qxc5 29. Rh5 g6 30. Rh4 Qb4 31. Qg4 Nf3 32. Qxe4 Nxh4+ 33. Qxh4 Qxb2 34. Qe4 Rd2 35. Kh3 Rdxf2 36. Rxf2 Qxf2 37. Qe5+ Qf6 38. Qxf6+ Rxf6 39. Kg4 Kg7 40. e4 Rf2 41. Kg5 h6+ 42. Kg4 Kf6 43. Bd5 a5 44. a4 Ke5 45. Bf7 Rxf7 0-1